Smichovynky

Bibliographic Details
Main Author: Lehdan, Ilja, 1932-2010 (Author)
Format: Article
Language:Ukrainian
Subjects:

MARC

LEADER 00000nab a2200000 a 4500
001 vtls009491493
003 SK-MaSNL
005 20260426070614.0
008 090409c2008 xo wr p 000 c0ukr
015 |a SNBRB2009/04 
038 |a SVKPOCL 
040 |a SVKPOCL  |b slo  |c SVKPOCL  |e AACR2 
041 0 |a ukr 
044 |a xo  |c SK 
080 |a 821.161.2 (437.6)-17=161.2  |2 2001 
100 1 |a Lehdan, Ilja,  |d 1932-2010  |4 aut  |9 103419 
245 1 0 |a Smichovynky  |c Illja Legdan 
500 |a Blok obsahuje 5 básní 
650 0 7 |a ukrajinská literatúra  |z Slovensko  |2 svkpocl  |9 306583 
650 0 7 |a ukrajinská poézia  |2 svkpocl  |9 59029 
651 7 |a Slovensko  |2 svkpocl  |9 14231 
655 7 |a satirické básne, ukrajinské  |2 svkpocl  |9 1061027 
740 0 2 |a Absurdne zaprošennja 
740 0 2 |a Nu j knyžky! 
740 0 2 |a Na t'lovent'ku po-t'lovent'ky 
740 0 2 |a Dočekalas' 
740 0 2 |a Nauka - do buka 
773 0 |t Nove žyttja  |g Roč. 58, č. 27-28 (2008), s. 6 
852 |a SVKPO  |b KIS3GCP 
958 |a UK 
958 |a SK 
958 |a LX 
999 |c 2669331  |d 2671261